Horror Movie Franchises #18: The Amityville Horror - Statistics

General Stats
  • This quiz has been taken 5 times
  • The average score is 4 of 17
Answer Stats
Movie % Correct
The Amityville Horror
100%
The Amityville Horror (2005 Remake)
80%
Amityville Dollhouse
40%
The Amityville Asylum
40%
Amityville 3-D
20%
Amityville II: The Possession
20%
Amityville: The Awakening
20%
The Amityville Curse
20%
The Amityville Haunting
20%
The Amityville Playhouse
20%
Amityville 4: The Evil Escapes
0%
Amityville: A New Generation
0%
Amityville Death House
0%
Amityville Exorcism
0%
Amityville: It’s About Time
0%
Amityville: No Escape
0%
The Amityville Terror
0%
No matching quizzes found
Score Distribution
Percent of People with Each Score
Percentile by Number Answered
Your Score History
You have not taken this quiz